| 000 | 00499nam a2200181Ia 4500 | ||
|---|---|---|---|
| 008 | 230917s9999||||xx |||||||||||||| ||und|| | ||
| 020 | _cRS695 | ||
| 040 |
_e217010 _aMAIN |
||
| 041 | _aEnglish | ||
| 082 | _a620.105 B249T(5) | ||
| 100 | _aBansal, R K | ||
| 245 | 0 | _aTextbook of strength of materials: Mechanics of solids | |
| 250 | _a5th ed. | ||
| 260 |
_aBanglore _bLaxmi Publications _c2014 |
||
| 300 | _axvi, 1144 p. | ||
| 500 | _a1563 02/06/2014 14230 21/06/2014 Main Budget | ||
| 942 | _cBK | ||
| 999 |
_c11549 _d11549 |
||